Führungsinstrument Vorschlagswesen Aufbau - Funktion - Wirtschaftlichkeit

Gespeichert in:
Bibliographische Detailangaben
Format: Buch
Sprache:Deutsch
Veröffentlicht: Berlin Schmidt 1993
Ausgabe:3. neubearb. und erw. Aufl.
Schlagworte:
Tags: Tag hinzufügen
Keine Tags, Fügen Sie das erste Tag hinzu!

MARC

LEADER 00000nam a2200000 4500
001 c010401
005 20221206074459.9
020 |a 3-503-03452-8 
041 0 |a ger 
044 |a DE 
245 1 0 |a Führungsinstrument Vorschlagswesen  |b Aufbau - Funktion - Wirtschaftlichkeit 
250 |a 3. neubearb. und erw. Aufl. 
264 1 |a Berlin  |b Schmidt  |c 1993 
300 |a 210 s. 
610 2 0 |a zlepšovateľstvo 
610 2 0 |a zákony 
610 2 0 |a podnik 
610 2 0 |a hospodárnosť 
610 2 0 |a plánovanie 
610 2 0 |a nástroje riadenia 
610 2 0 |a motivácia 
610 2 0 |a reklama 
610 2 0 |a oceňovanie ekonomické